000 00582nam a2200181Ia 4500
008 090201s9999 xx 000 0 und d
010 _aKPL-62609
040 _bमराठी
041 _aमराठी
082 _a20592
_b62609
100 _aपद्माकर जोशी / फॉलेट केन
245 _aट्रिपल
_cपद्माकर जोशी / फॉलेट केन
260 _bपुष्प प्रकाशन लि.
260 _c2004
300 _a280
_bमोठा
600 _aट्रिपल
942 _cBOOK
999 _c220351
_d220351